Normal view
MARC view
- Mathmatical Modeling
Entry Topical Term
001 - CONTROL NUMBER
- control field: 66587
003 - CONTROL NUMBER IDENTIFIER
- control field: JO-AjAnu
005 - DATE AND TIME OF LATEST TRANSACTION
- control field: 20250715091356.0
008 - FIXED-LENGTH DATA ELEMENTS
- fixed length control field: 250715|| aca||babn | a|a d
040 ## - CATALOGING SOURCE
- Original cataloging agency: JO-AjAnu
150 ## - HEADING--TOPICAL TERM
- Topical term or geographic name entry element: Mathmatical Modeling